00266nam a22000977a 4500082001800000100001700018245007800035260003600113300001100149563000800160 a921.0297bAHM aAhmed, Akbar aThe Flying Man : bphilosophers of the golden age of Islam /cAkbar Ahmed aLahore:bVanguard Books,c2021. a124 p. aHB.